| 000 | 00550nam a2200193Ia 4500 | ||
|---|---|---|---|
| 005 | 20250508154254.0 | ||
| 008 | 008 250505s9999 xx 000 0 eng d | ||
| 037 | _aTextual | ||
| 040 |
_aFEDL _beng _cFEDL |
||
| 041 |
_aeng _2eng |
||
| 084 |
_a370.968, TAB _qFEDL |
||
| 100 | _aTabata I B | ||
| 245 | 0 | _aEducation for Barbariasm in South Africa | |
| 260 |
_aLondon, UK _bPall Mall Press _c1960 |
||
| 300 | _aix,100p | ||
| 650 |
_aEducation - Great Britain _9629175 |
||
| 942 |
_cTEXL _h370.968, TAB |
||
| 999 |
_c1349275 _d1349275 |
||